| 000 | 00862nam a22002297a 4500 | ||
|---|---|---|---|
| 005 | 20120917141615.0 | ||
| 008 | 120917t xxu||||| |||| 00| 0 eng d | ||
| 010 | _aENG-105880 | ||
| 020 |
_a9789381031049 _c750.00 |
||
| 035 | _aEN-89413 | ||
| 037 | _bDBAD/PUB | ||
| 040 |
_aDPL _bEnglish |
||
| 082 | _a616.5 | ||
| 100 |
_aSharma, Pawan K. _951878 |
||
| 245 |
_aHandbook of woman's perfection / _cby Pawan K. Sharma |
||
| 260 |
_aNew Delhi _bArise Publishers & Distributors _c2012 |
||
| 270 |
_a4648/1,21, Ansari Road, Daryaganj _bNew Delhi _e110002 _mnab@newagebooksindia.com |
||
| 300 |
_aviii,210p. _c23cm(Hb) |
||
| 500 | _aIncludes index | ||
| 942 |
_2ddc _cEN _h616.5 _mSHA |
||
| 999 |
_c70063 _d70063 |
||